| 000 | 01186nam0a22002771 4500 | ||
|---|---|---|---|
| 001 | v19\rc\1291613 | ||
| 005 | 20070523160344.6 | ||
| 035 | _a(NLR Aleph) 005193781 | ||
| 090 |
_a5239974 _c5239974 |
||
| 100 | _a20060306d1858 |||y0rusy50 ca | ||
| 101 | 0 | _arus | |
| 102 | _aRU | ||
| 105 | _ay z ||||| | ||
| 200 | 1 |
_aОснования опытной психологии _fСоч. законоучителя Закавк. ин-та благород. девиц и проф. Тифлис. духов. семинарии, магистра архим. Гавриила |
|
| 210 |
_aСанкт-Петербург _cтип. А. Якобсона _d1858 |
||
| 215 |
_a[14], 336 с. _d24 |
||
| 700 | 0 |
_aГавриил _cКикодзе, Герасим Максимович, епископ Имеретинский _f1825-1896 _3RU\NLR\AUTH\7751275 _7ca |
|
| 790 | 1 |
_aКикодзе _bГ. М. _f1825-1896 _gГерасим Максимович |
|
| 801 | 0 |
_aRU _bNLR _c20060306 _gpsbo |
|
| 801 | 0 |
_aRU _bRuMoRGB _c20060306 _2psbo |
|
| 801 | 1 |
_aRU _bProSoft-M _c20060306 _2rusmarc |
|
| 801 | 2 |
_aRU _bNLR _c20070523 _2rusmarc |
|
| 852 |
_aNLR _j18.62.4.32 |
||
| 852 |
_aNLR _j133/6515 |
||
| 942 | _cBOOK | ||
| 980 | _aNB | ||